000 00653nam a2200241Ia 4500
003 OSt
005 20220918174438.0
006 a|||||r|||| 00| 0
007 ta
008 220917b |||||||| |||| 00| 0 eng d
024 _a12,212
037 _cTextual
040 _aARTS
_cARTS
_beng
041 _2eng
_aeng
082 _a/\xK15w, J3
100 _aHasrat Bikrama Jit
_950534
245 0 _aDara Shikuh
_b Life and works
260 _aCalcutta
_bVisvabharati publishing department
_c1953
300 _a304
_ccm.
650 _aSPIRITUALISM
942 _h/\xK15w, J3
_cTEXL
_2CC
999 _c153246
_d153246